Свободные экономические зоны: учебное пособие

Podrobná bibliografie
Hlavní autor: Тиницкая О. В.
Další autoři: Макарова Г. В.
Shrnutí:В учебном пособии раскрыта сущность свободных экономических зон и их роль в активизации современных интеграционных процессов, рассматриваются вопросы их возникновения и эволюции в мировой практике, отражена нормативно-правовая основа создания и функционирования свободных экономических зон, исследован опыт создания и функционирования свободных экономических зон в Российской Федерации, отражены особенности таможенного регулирования и таможенного контроля в них.Учебное пособие предназначено для студентов вузов, преподавателей, слушателей дополнительного профессионального образования, предпринимателей, специалистов в сфере внешнеторговой деятельности и таможенного дела.
Jazyk:ruština
Vydáno: Санкт-Петербург, Интермедия, 2014
Témata:
Médium: MixedMaterials Kniha
KOHA link:https://koha.lib.tpu.ru/cgi-bin/koha/opac-detail.pl?biblionumber=259615

MARC

LEADER 00000nam0a2200000 4500
001 259615
005 20231101233412.0
010 |a 9785438300960 
035 |a (RuTPU)RU\TPU\book\282561 
090 |a 259615 
100 |a 20140512d2014 m y0rusy50 ca 
101 0 |a rus 
102 |a RU 
105 |a a j 001zy 
200 1 |a Свободные экономические зоны  |e учебное пособие  |f О. В. Тиницкая, Г. В. Макарова 
210 |a Санкт-Петербург  |c Интермедия  |d 2014 
215 |a 250 с.  |c ил. 
320 |a Глоссарий: с. 154-164. 
330 |a В учебном пособии раскрыта сущность свободных экономических зон и их роль в активизации современных интеграционных процессов, рассматриваются вопросы их возникновения и эволюции в мировой практике, отражена нормативно-правовая основа создания и функционирования свободных экономических зон, исследован опыт создания и функционирования свободных экономических зон в Российской Федерации, отражены особенности таможенного регулирования и таможенного контроля в них.Учебное пособие предназначено для студентов вузов, преподавателей, слушателей дополнительного профессионального образования, предпринимателей, специалистов в сфере внешнеторговой деятельности и таможенного дела. 
606 1 |a Свободные экономические зоны  |y Россия  |2 stltpush  |3 (RuTPU)RU\TPU\subj\36898  |9 58108 
606 1 |a Таможенное дело  |x Экономика  |2 stltpush  |3 (RuTPU)RU\TPU\subj\69328  |9 84236 
610 1 |a внешнеэкономическая деятельность 
610 1 |a внешнеэкономическая политика 
610 1 |a внешнеэкономические отношения 
610 1 |a внешнеэкономический бизнес 
610 1 |a СЭЗ 
610 1 |a создание 
610 1 |a история 
610 1 |a правовое регулирование 
610 1 |a типология 
610 1 |a Российская Федерация 
610 1 |a таможенное регулирование 
610 1 |a таможенные процедуры 
610 1 |a таможенный контроль 
610 1 |a учебные пособия 
686 |a У9(2)81я73  |v LBC/SL-A  |2 rubbk 
686 |a У9(2)428я73  |v LBC/SL-A  |2 rubbk 
700 1 |a Тиницкая  |b О. В. 
701 1 |a Макарова  |b Г. В. 
801 1 |a RU  |b 63413507  |c 20140512 
801 2 |a RU  |b 63413507  |c 20150629  |g RCR 
900 |a Свободные экономические зоны 
900 |a Таможенное дело 
942 |c BK 
959 |a 31/20140220  |d 2  |e 450,00  |f ЧЗГЛ:1  |f АНЛ:1